000
00273nam a2200109Ia 4500
008
220204s9999 xx 000 0 und d
082
_a
82-3
_b
LYM
100
_a
Lymington, John
245
0
_a
Starseed on eye moor
260
_a
London
_b
Hodder and stoughton
_c
1977
942
_c
BK
999
_c
28011
_d
28011